Avtomatizacija modelirovanija mnogosviaznych mechaničeskich sistem /

Gespeichert in:
Bibliographische Detailangaben
Hauptverfasser: Dmitrijev, Viačeslav M (Verfasst von), Arajs, Evgenij A (Verfasst von)
Format: Buch
Sprache:Russisch
Veröffentlicht: Moskva : Mašinostrojenije, 1987
Schlagworte:
Tags: Tag hinzufügen
Keine Tags, Fügen Sie das erste Tag hinzu!

MARC

LEADER 00000nam a22000003a 4500
001 stu29391
005 20150617225736.9
008 950614s1987----xxr-----------------rus-d
040 |a STU  |b slo 
041 0 |a rus 
044 |a xxr 
080 |a 681.5.001.57 
080 |a 621 
100 1 |a Dmitrijev, Viačeslav M  |4 aut 
245 1 |a Avtomatizacija modelirovanija mnogosviaznych mechaničeskich sistem /  |c [aut]Arajs,Je.A.;Dmitrijev,V.M 
260 |a Moskva :  |b Mašinostrojenije,  |c 1987 
300 |a 238 s 
650 7 |a automatizácia  |2 stusub 
700 1 |a Arajs, Evgenij A  |4 aut 
996 |b 284J016707  |c J*81518  |l JJST  |s P  |a 0  |w stu29391_0001